| 000 | 00425nam a2200181Ia 4500 | ||
|---|---|---|---|
| 001 | 7161 | ||
| 008 | 140321s9999 xx 000 0 und d | ||
| 020 | _a0-671-60192-X | ||
| 040 | _cPK-LaUMT | ||
| 082 |
_a 307 _bPEC-D |
||
| 100 | _aPeck, M. Scott | ||
| 245 | 4 |
_aThe different drum : Community-making and peace _cPeck, M. Scott |
|
| 260 | _c1987 | ||
| 300 | _a334 p. | ||
| 546 | _aEN | ||
| 650 | _aCommunity | ||
| 942 | _cBK | ||
| 999 |
_c8623 _d8623 |
||